000 00801nam a2200193 i 4500
001 166304
003 ES-MaACL
005 20230906213313.0
008 950111s1865 fr |||| | fre d
040 _aCLM
_bspa
100 0 _aTiberghien, Guillaume.
_9110206
245 1 0 _aLogique
_b: la science de la connaissance /
_cpar G. Tiberghien.
260 _aParis :
_bLibrairie Internationale,
_c1865 (
_eBruxelles :
_fTyp. A. Lacroix, Verboeckhoven et Cie)
300 _a2 v.(492; 504 p.) ;
_c22 cm.
505 8 _aV. I. Théorie générale de la connaissance, ses origines, ses lois, sa légitimité -- V. II. Organisation de la connaissance
650 4 _aLógica.
_914693
852 _aES-MaACL
_jD-4985
_z-- Enc. hol.
_q-- Sólo "premiere partie"
852 _aES-MaACL
_jF-7047-7048
_z-- Enc. hol.
999 _c166304
_d166304